LEADER 02106nas 2200685- 450 001 996206130403316 005 20211120213023.0 035 $a(OCoLC)824469890 035 $a(CKB)3350000000000222 035 $a(CONSER)--2013250614 035 $a(DE-599)ZDB2715239-X 035 $a(EXLCZ)993350000000000222 100 $a20130115a20129999 --- - 101 0 $aeng 135 $aur||||||||||| 181 $ctxt$2rdacontent 182 $cc$2rdamedia 183 $acr$2rdacarrier 200 00$aInternational journal for parasitology$iParasites and wildlife 210 1$a[Oxford] :$cElsevier Ltd.,$d[2012]- 215 $a1 online resource 300 $aArticles that are final are added to the volume in progress and are fully citable. 300 $aRefereed/Peer-reviewed 311 $a2213-2244 517 1 $aParasites and wildlife 517 1 $aIJP-PAW 531 $aINT J PARASITOL PARASITES WILDL 531 10$aInt J Parasitol Parasites Wildl 531 10$aInt J Parasitol Parasites Wildl 606 $aParasites$vPeriodicals 606 $aParasitology$vPeriodicals 606 $aAnimals$vPeriodicals 606 $aWildlife diseases$vPeriodicals 606 $aAnimals$2fast$3(OCoLC)fst00809468 606 $aParasites$2fast$3(OCoLC)fst01053134 606 $aParasitology$2fast$3(OCoLC)fst01053186 606 $aWildlife diseases$2fast$3(OCoLC)fst01175305 606 $aParasites 606 $aAnimals, Wild 608 $aFulltext. 608 $aInternet Resources. 608 $aPeriodicals. 608 $aPeriodicals.$2fast 608 $aPeriodical. 610 $aAnimal Behavior 615 0$aParasites 615 0$aParasitology 615 0$aAnimals 615 0$aWildlife diseases 615 7$aAnimals. 615 7$aParasites. 615 7$aParasitology. 615 7$aWildlife diseases. 615 12$aParasites. 615 12$aAnimals, Wild. 712 02$aAustralian Society for Parasitology, 906 $aJOURNAL 912 $a996206130403316 996 $aInternational Journal for Parasitology$9793010 997 $aUNISA LEADER 01789oam 2200469M 450 001 9910716203003321 005 20200213070535.7 035 $a(CKB)5470000002520100 035 $a(OCoLC)1065848899 035 $a(OCoLC)995470000002520100 035 $a(EXLCZ)995470000002520100 100 $a20071213d1926 ua 0 101 0 $aeng 135 $aurcn||||||||| 181 $ctxt$2rdacontent 182 $cc$2rdamedia 183 $acr$2rdacarrier 200 10$aCare of certain insane citizens of Alaska. May 14, 1926. -- Committed to the Committee of the Whole House on the State of the Union and ordered to be printed 210 1$a[Washington, D.C.] :$c[U.S. Government Printing Office],$d1926. 215 $a1 online resource (2 pages) 225 1 $aHouse report / 69th Congress, 1st session. House ;$vno. 1206 225 1 $a[United States congressional serial set ] ;$v[serial no. 8534] 300 $aBatch processed record: Metadata reviewed, not verified. Some fields updated by batch processes. 300 $aFDLP item number not assigned. 606 $aDangerously mentally ill 606 $aMedical care 606 $aPsychiatric hospitals 606 $aMentally ill 608 $aLegislative materials.$2lcgft 615 0$aDangerously mentally ill. 615 0$aMedical care. 615 0$aPsychiatric hospitals. 615 0$aMentally ill. 701 $aGraham$b George Scott$f1850-1931$pRepublican (PA)$01386798 801 0$bWYU 801 1$bWYU 801 2$bOCLCO 801 2$bOCLCQ 906 $aBOOK 912 $a9910716203003321 996 $aCare of certain insane citizens of Alaska. May 14, 1926. -- Committed to the Committee of the Whole House on the State of the Union and ordered to be printed$93537275 997 $aUNINA